000 00943nam a22002417a 4500
005 20170123164157.0
010 _aA-827919
020 _c65.00
_a8173800006
035 _aA-827919
037 _bCen Lib / Ret
040 _aDPL
_bPN
082 _a853.08
_bਤੁਲਸੀ
100 _aਹੁਕਸ ਚੰਦ ਰਾਜਪਾਲ
_964636
245 _aਗੋਸੁਆਮੀ ਤੁਲਸੀਦਾਸ /
_cਹੁਕਸ ਚੰਦ ਰਾਜਪਾਲ
246 _aGosoami Tulsidass /
_bby Hukam Chand Rajpal
260 _aਪਟਿਆਲਾ
_bਪਬਲੀਕੇਸ਼ਨ ਬਿਊਰੋ
_c1993
270 _aਪੰਜਾਬੀ ਯੂਨੀਵਰਸਿਟੀ
_bਪਟਿਆਲਾ
300 _a184p.
_c23cm(Hb)
650 _aਪੰਜਾਬੀ ਸਾਹਿਤ
_vਜੀਵਨੀ
_9131500
650 _aPunjabi Literature
_9131501
650 _aPunjabi Literature
_vBiography
_91698
942 _2ddc
_cPN
_h853.08
_mਤੁਲਸੀ
999 _c110770
_d110770